000
00295nam a2200121Ia 4500
005
20251222154423.0
008
251222s9999||||xx |||||||||||||| ||spa||
020
_a
2012-05690
082
_a
344.046.85/M61F
245
0
_a
Nueva ley forestal y de fauna silvestre
250
_a
2a.ed.
942
_c
LIB
999
_c
36101
_d
36101